Cultura Geral - Statistics

Estatísticas Gerais
  • Esse quiz foi jogado 31 vezes
  • A pontuação média é 9 de 15
Estatísticas das Respostas
Hint Resposta % Correto
Qual país produz mais café? Brasil
100%
Qual é a língua oficial de Angola e Timor Leste? Português
93%
Qual é a capital de Cuba? Havana
85%
Em 1493, o Papa Alexandre VI dividiu o Novo Mundo, dando metade dele para a Espanha. Qual país recebeu a outra metade? Portugal
74%
Qual clube de futebol europeu ganhou mais títulos da Liga dos Campeões? Real Madrid
74%
Que nação africana tem as iniciais BF? Burkina Faso
70%
Qual é o maior parque da ilha de Manhattan? Central Park
59%
Que mamífero esconderá bolotas para comê-las mais tarde? Esquilo
59%
Qual península é controlada pela Rússia, mas reconhecida como ucraniana pela ONU? Crimeia
52%
Quem é o marido da Beyoncé? Jay-Z
52%
Qual é a língua oficial do Irão? Persa
48%
Em que país foi inventado o café expresso? Itália
41%
Qual estrutura de Arlington, Virgínia, é o maior prédio de escritórios do mundo? The Pentagon
19%
Qual é o termo para uma língua derivada do latim? Língua romântica
15%
Em que cidade você pode encontrar a primeira loja Starbucks? Seattle
15%
Nenhum quiz correspondente encontrado
Distribuição das Pontuações
Porcentagem de Pessoas com Cada Pontuação
Percentil de Números Respondidos
Sua Pontuação Histórica
Você não jogou esse quiz